00674nam a22002297a 4500001000500000005001700005020001500022040002900037050001400066082000800080100001900088245006200107260003400169300003700203505000600240520011900246521001600365521001600381650001200397650001700409650001800426206220240507141452.0 a0590433660 aFISKHbengcFISKHdFISKH aQL768.D67 a591 aDorros, Arthur aAnimal tracks /cWritten and illustrated by Arthur Dorros bScholastic,c1991aNew York : c21 x 26 cma33 unnumbred pages : aK aIntroduces the tracks and signs left by various animals, including the raccoon, duck, frog, black bear, and human. a540bLexile aKbRaz-Plus aAnimals aWild Animals aAnimal prints